Constitutional history of India and national movement, (Record no. 69289)

MARC details
000 -LEADER
fixed length control field 00786cam a22002411 4500
001 - CONTROL NUMBER
control field sa 66004220
003 - CONTROL NUMBER IDENTIFIER
control field DLC
005 - DATE AND TIME OF LATEST TRANSACTION
control field 20260227112241.0
008 - FIXED-LENGTH DATA ELEMENTS--GENERAL INFORMATION
fixed length control field 740919s1964 ii c b 000 0 eng
010 ## - LIBRARY OF CONGRESS CONTROL NUMBER
LC control number sa 66004220
025 ## - OVERSEAS ACQUISITION NUMBER
Overseas acquisition number PL480:I-E-5686
035 ## - SYSTEM CONTROL NUMBER
System control number (OCoLC)1015355
040 ## - CATALOGING SOURCE
Original cataloging agency DLC
Transcribing agency OTU
Modifying agency OCoLC
-- DLC
042 ## - AUTHENTICATION CODE
Authentication code premarc
050 00 - LIBRARY OF CONGRESS CALL NUMBER
Classification number JQ211
Item number .A57
100 1# - MAIN ENTRY--PERSONAL NAME
Personal name Aggarwala, R. C.
245 10 - TITLE STATEMENT
Title Constitutional history of India and national movement,
Remainder of title including the comparative study of the modern Indian Constitution,
Statement of responsibility, etc. by R.C. Aggarwala.
260 ## - PUBLICATION, DISTRIBUTION, ETC.
Place of publication, distribution, etc. Delhi,
Name of publisher, distributor, etc. S. Chand,
Date of publication, distribution, etc. 1964.
300 ## - PHYSICAL DESCRIPTION
Extent iv, 342, 154 p.
Other physical details ports.
Dimensions 23 cm.
504 ## - BIBLIOGRAPHY, ETC. NOTE
Bibliography, etc. note Bibliography: p. [151]-154 (at end)
651 #0 - SUBJECT ADDED ENTRY--GEOGRAPHIC NAME
Geographic name India
General subdivision Politics and government.
650 #0 - SUBJECT ADDED ENTRY--TOPICAL TERM
Topical term or geographic name entry element Constitutional history
Geographic subdivision India.

No items available.

Powered by Koha